[Event "FICGS class C 000321 email"]
[Site "FICGS email"]
[Date "2020.03.28"]
[Round "1"]
[White "Voudouris, Nick"]
[Black "Gossmann, Ewald J"]
[Result "0-1"]
[WhiteElo "1954"]
[BlackElo "1946"]
[PlyCount "64"]
[EventDate "2020.??.??"]
[EventType "tourn (corr)"]
[EventRounds "1"]
[SourceTitle "Corr 2022"]
[Source "ChessBase"]
[SourceDate "2021.10.24"]
[SourceVersion "1"]
[SourceVersionDate "2021.10.24"]
[SourceQuality "1"]

1. d4 Nf6 2. f4 d5 3. e3 Bf5 4. Bd3 e6 5. Nf3 a6 6. 0-0 c5 7. c3 Bd6 8. Ne5 0-0 9. b3 Nc6 10. Bb2 Ne7 11. Qe2 b5 12. Nd2 Bxd3 13. Qxd3 Rc8 14. c4 Nf5 15. g4 Nh4 16. Qe2 cxd4 17. exd4 dxc4 18. bxc4 bxc4 19. Ndxc4 Bb8 20. Rac1 Ba7 21. Qd3 Qd5 22. Rc2 Ng6 23. Ne3 Qb7 24. N5c4 Bb8 25. Ne5 Rxc2 26. Qxc2 Ne4 27. Qb3 Qxb3 28. axb3 Bxe5 29. fxe5 Rb8 30. Ra1 Rxb3 31. Nc4 Rd3 32. Rxa6 Rd1+ 0-1

[Event "FICGS class C 000321 email"]
[Site "FICGS email"]
[Date "2020.03.28"]
[Round "1"]
[White "Voudouris, Nick"]
[Black "Kalixpov, Ivan"]
[Result "1-0"]
[WhiteElo "1954"]
[BlackElo "1799"]
[PlyCount "21"]
[EventDate "2020.??.??"]
[EventType "tourn (corr)"]
[EventRounds "1"]
[SourceTitle "Corr 2022"]
[Source "ChessBase"]
[SourceDate "2021.10.24"]
[SourceVersion "1"]
[SourceVersionDate "2021.10.24"]
[SourceQuality "1"]

1. d4 Nf6 2. f4 d5 3. e3 e6 4. Bd3 c5 5. c3 b6 6. Qe2 Be7 7. Nf3 0-0 8. Nbd2 cxd4 9. exd4 Bb7 10. 0-0 Nc6 11. Ne5 1-0

[Event "FICGS class C 000279 email"]
[Site "FICGS email"]
[Date "2020.03.28"]
[Round "1"]
[White "Voudouris, Nick"]
[Black "Trigance, Emile"]
[Result "1-0"]
[WhiteElo "1954"]
[BlackElo "1657"]
[PlyCount "69"]
[EventDate "2020.??.??"]
[EventType "tourn (corr)"]
[EventRounds "4"]
[SourceTitle "Corr 2022"]
[Source "ChessBase"]
[SourceDate "2021.10.24"]
[SourceVersion "1"]
[SourceVersionDate "2021.10.24"]
[SourceQuality "1"]

1. d4 Nf6 2. f4 d5 3. e3 c5 4. c3 Qb6 5. Bd3 Bg4 6. Nf3 e6 7. 0-0 Nc6 8. Qe1 Be7 9. Nbd2 0-0 10. Ne5 Rad8 11. Nxg4 Nxg4 12. Nf3 f5 13. b3 Qc7 14. Bb2 Nf6 15. Rc1 b6 16. Ng5 Qd7 17. Qe2 h6 18. Nf3 Ne8 19. c4 cxd4 20. exd4 Bf6 21. c5 Nc7 22. cxb6 axb6 23. Ne5 Nxe5 24. dxe5 Be7 25. Bd4 Rb8 26. Rc2 Rfc8 27. g4 g6 28. Kh1 Kh7 29. Rg1 Rg8 30. Qe3 b5 31. h4 Na6 32. h5 Nb4 33. hxg6+ Rxg6 34. gxf5 Rxg1+ 35. Qxg1 1-0

[Event "LSS No Engine Cup 198 Preliminary 0"]
[Site "LSS email"]
[Date "2020.02.02"]
[Round "?"]
[White "Gimenes, Hamilton"]
[Black "Voudouris, Nick"]
[Result "1/2-1/2"]
[WhiteElo "1984"]
[BlackElo "1646"]
[PlyCount "64"]
[EventDate "2020.02.02"]
[EventType "tourn (corr)"]
[EventRounds "6"]
[EventCountry "GER"]
[SourceTitle "Corr 2022"]
[Source "ChessBase"]
[SourceDate "2021.10.24"]
[SourceVersion "1"]
[SourceVersionDate "2021.10.24"]
[SourceQuality "1"]

1. e4 c5 2. Nf3 d6 3. d4 cxd4 4. Nxd4 Nf6 5. Nc3 a6 6. Be3 e5 7. Nb3 Be7 8. f3 Be6 9. Qd2 0-0 10. 0-0-0 Nbd7 11. g4 b5 12. g5 Nh5 13. Nd5 Bxd5 14. exd5 f6 15. gxf6 Rxf6 16. Na5 Nf4 17. Nc6 Qf8 18. Rg1 Bd8 19. Nxd8 Qxd8 20. Kb1 Nb6 21. Bxf4 Rxf4 22. Bd3 Qf6 23. Rg3 Rxf3 24. Rxf3 Qxf3 25. Rf1 Qxd5 26. Qg5 Kh8 27. Qe7 Rg8 28. Bxh7 Kxh7 29. Qh4+ Kg6 30. Qg4+ Kh6 31. Qh4+ Kg6 32. Qg4+ Kh6 1/2-1/2

[Event "LSS No Engine Cup 198 Preliminary 0"]
[Site "LSS email"]
[Date "2020.02.02"]
[Round "?"]
[White "Voudouris, Nick"]
[Black "Herzog, Matthias"]
[Result "1-0"]
[WhiteElo "1646"]
[BlackElo "2080"]
[PlyCount "55"]
[EventDate "2020.02.02"]
[EventType "tourn (corr)"]
[EventRounds "6"]
[EventCountry "GER"]
[SourceTitle "Corr 2022"]
[Source "ChessBase"]
[SourceDate "2021.10.24"]
[SourceVersion "1"]
[SourceVersionDate "2021.10.24"]
[SourceQuality "1"]

1. d4 d5 2. e3 c5 3. c3 Nc6 4. f4 Nf6 5. Bd3 Bg4 6. Nf3 e6 7. 0-0 Bd6 8. Qe1 0-0 9. Ne5 Bf5 10. Qe2 Qb6 11. Kh1 Bxd3 12. Qxd3 Ne7 13. Nd2 Rfd8 14. b3 Nf5 15. Bb2 h5 16. c4 Bxe5 17. fxe5 Ng4 18. Rae1 Qc7 19. Rxf5 exf5 20. Qxf5 Rac8 21. h3 Nh6 22. Qg5 Qa5 23. e4 dxc4 24. d5 c3 25. Nc4 Qxa2 26. Bxc3 Qxb3 27. Rc1 Kh7 28. Nd6 1-0

[Event "LSS No Engine Cup 198 Preliminary 0"]
[Site "LSS email"]
[Date "2020.02.02"]
[Round "?"]
[White "Voudouris, Nick"]
[Black "Ilyin, Igor"]
[Result "1-0"]
[WhiteElo "1646"]
[BlackElo "1536"]
[PlyCount "69"]
[EventDate "2020.02.02"]
[EventType "tourn (corr)"]
[EventRounds "6"]
[EventCountry "GER"]
[SourceTitle "Corr 2022"]
[Source "ChessBase"]
[SourceDate "2021.10.24"]
[SourceVersion "1"]
[SourceVersionDate "2021.10.24"]
[SourceQuality "1"]

1. d4 Nf6 2. f4 d6 3. Nf3 Bg4 4. Nc3 Nbd7 5. e4 c5 6. dxc5 Nxc5 7. e5 dxe5 8. Qxd8+ Rxd8 9. Nxe5 e6 10. Bb5+ Ke7 11. Be3 Rc8 12. 0-0 a6 13. Bc6 bxc6 14. Bxc5+ Ke8 15. Bxf8 Kxf8 16. Na4 Nd5 17. Nxg4 h5 18. Ne5 Ke7 19. Nc5 a5 20. Rae1 Rh6 21. c4 Nb6 22. f5 f6 23. Ned7 Nxd7 24. Rxe6+ Kd8 25. Rd1 Rc7 26. Red6 Ke8 27. Nxd7 a4 28. Nc5 a3 29. b4 g5 30. Rd8+ Ke7 31. b5 cxb5 32. Ne6 Rb7 33. c5 Rh7 34. c6 Ra7 35. c7 1-0

[Event "LSS No Engine Cup 198 Preliminary 0"]
[Site "LSS email"]
[Date "2020.02.02"]
[Round "?"]
[White "Voudouris, Nick"]
[Black "Reede, Arvo"]
[Result "1-0"]
[WhiteElo "1646"]
[BlackElo "1819"]
[PlyCount "30"]
[EventDate "2020.02.02"]
[EventType "tourn (corr)"]
[EventRounds "6"]
[EventCountry "GER"]
[SourceTitle "Corr 2022"]
[Source "ChessBase"]
[SourceDate "2021.10.24"]
[SourceVersion "1"]
[SourceVersionDate "2021.10.24"]
[SourceQuality "1"]

1. d4 Nf6 2. f4 c5 3. e3 e6 4. Bd3 d5 5. c3 Bd6 6. Nf3 0-0 7. 0-0 Nc6 8. Ne5 Qb6 9. Kh1 Qc7 10. Nd2 b6 11. g4 Bb7 12. g5 Ne4 13. Qf3 cxd4 14. exd4 f6 15. gxf6 Rxf6 1-0